Statystyki dla Państwa bez obiektów na liście światowego dziedzictwa UNESCO

Kliknij tutaj aby rozwiązać quiz!

Ogólne statystyki

  • Ten quiz został rozwiązany 61 razy
  • Średni wynik to 15 z 29

Statystyki odpowiedzi

Państwo% Poprawnych
Tonga
71%
Dżibuti
67%
Liechtenstein
62%
Samoa
62%
Tuvalu
62%
Eswatini
60%
Nauru
60%
Rwanda
60%
Saint Vincent i Grenadyny
60%
Wyspy Świętego Tomasza i Książęca
60%
Malediwy
58%
Monako
58%
Bahamy
56%
Burundi
56%
Komory
54%
Somalia
54%
Trynidad i Tobago
52%
Brunei
50%
Grenada
48%
Sudan Południowy
48%
Gwinea Równikowa
46%
Timor Wschodni
46%
Bhutan
44%
Gwinea Bissau
44%
Kuwejt
42%
Liberia
40%
Tajwan
40%
Gujana
38%
Sierra Leone
35%

Rozkład punktacji

Percentyl według liczby udzielonych odpowiedzi

Procent ludzi z każdym wynikiem

Twoja historia wyników

Nie rozwiązałeś tego quizu